000 00626nam a2200193Ia 4500
005 20250923145006.0
008 008 250917s9999 xx 000 0 eng d
037 _aTextual
040 _aDSWL
_beng
_cDSWL
041 _aeng
_2eng
084 _qDSWL
245 0 _aProceedings of the International Congress on Population and World Resources in Relation to the Family
_cbyFamily Planning Association, Great Britain
260 _aLondon
_bFamily Planning Association of Great Britain
_c1948
300 _aXIII,246 p.
365 _aINR
_b20.00
925 _g20.00
942 _cTEXL
999 _c1445781
_d1445781